000 00323nam a2200133Ia 4500
008 240624s9999 xx 000 0 und d
041 _aeng
082 _a382 NAY
100 _aNAYYAR DEEPAK
245 _aTRADE AND GLOBALIZATION
260 _c2008
_aNew Delhi
_bOXFORD
300 _axxxi, : 457p. ; 23cm.
365 _cRS
_b30
999 _c13868
_d13868